Two Clues: 'B' Words Quiz Stats

Quiz Updated Jun 2, 2013

Challenge
Share
Tweet
Embed
Score 0/22 Timer 03:00
0 Plays Today
Two Clues 'B' Word % Correct
Grizzly or polarBear
99.9%
Muhammad Ali or Max SchmelingBoxer
96.1%
Foster's or CoronaBeer
95.6%
Sparrow or FinchBird
95%
Golden Gate or TowerBridge
94.8%
D cell or 9-voltBattery
93.5%
Wonder or ryeBread
91.7%
Garbanzo or KidneyBean
91.2%
Wells Fargo or DeutscheBank
87.7%
Navy or Robin's eggBlue
85.9%
Chesapeake or BaffinBay
84.1%
Two Clues 'B' Word % Correct
Bunk or QueenBed
82.4%
Joel & Ethan Coen or Jesse & Frank JamesBrothers
81.7%
Boop or RubbleBetty
77.3%
Monarch or SwallowtailButterfly
73.7%
Favre or HullBrett
73.3%
McFerrin or FischerBobby
66.4%
Jeeves or HobsonButler
63.6%
Ruth or Didrikson ZahariasBabe
60.3%
Nights or WonderlandBoogie
48.5%
M√ľnchhausen or ZemoBaron
37.4%
Anna Pavlova or Beryl GreyBallerina
32%

You're not logged in!

Compare scores with friends on all Sporcle quizzes.
Sign Up with Email
OR
Log In

You Might Also Like...

Show Comments

Extras

Top Quizzes Today


Score Distribution

Your Account Isn't Verified!

In order to create a playlist on Sporcle, you need to verify the email address you used during registration. Go to your Sporcle Settings to finish the process.